000 00869nam a2200217 4500
003 CO-ViMGA
020 _a9789586654104
040 _aCO-ViMGA
_bspa
_cCO-ViMGA
082 0 4 _a303.6
_bU51
245 1 0 _aUna vieja guerra un nuevo contexto :
_bconflicto y territorio en el sur de Colombia /
_ceditores Jorge A. Restrepo. Andres R. y Teófilo Vásquez.
260 _aBogotá :
_bSiglo del Hombre Editores,
_c2016.
300 _a466 páginas :
_bilustraciones en blanco y negro, mapas ; 24 cm.
490 _aPlan Nacional de Lectura y Escritura Leer es mi cuento / Ministerio de cultura
650 1 4 _aConflicto armado
_zColombia
_92699
650 1 4 _aGuerra
_9686
650 1 4 _aViolencia
_zColombia
_92823
700 1 _aRestrepo, Jorge A.,
_eeditor
_98367
700 1 _aVargas, Andres R.,
_eeditor
_98368
700 1 _aVásquez, Teófilo,
_eeditor
_98369
942 _2ddc
_cBK
999 _c7621
_d7621